| 000 | 00941nam a22002057a 4500 | ||
|---|---|---|---|
| 999 |
_c57027 _d57027 |
||
| 003 | Ge_BSU | ||
| 005 | 20191018152641.0 | ||
| 008 | 191018s2017 ||||| |||| 00| 0 geo d | ||
| 020 | _a9789941271519 | ||
| 041 | _ageo | ||
| 080 | _a159.955 ბ-83 | ||
| 100 |
_aბოლქვაძე, ნიაზ. _94841 |
||
| 245 |
_aაზროვნების ეკოლოგია - კაცობრიობის ხსნის მთავარი საშუალება / _cნიაზ ბოლქვაძე ; რედ : ნუგზარ ჩხაიძე . |
||
| 264 |
_aთბილისი : _bივერიონი, _c2017. |
||
| 300 |
_a96 გვ. : _b ფოტ. ; _c16 სმ. |
||
| 653 | _aადამიანის აზროვნება. | ||
| 653 | _aფსიქოლოგია | ||
| 700 |
_aჩხაიძე, ნუგზარ _eრედაქტორი _94842 |
||
| 942 |
_2udc _cBK |
||